In a queer time and place : transgender bodies, subcultural lives
Αποθηκεύτηκε σε:
| Κύριος συγγραφέας: | |
|---|---|
| Μορφή: | Βιβλίο |
| Γλώσσα: | English |
| Δημοσίευση: |
New York :
New York University Press,
c2005
|
| Σειρά: | Sexual cultures
|
| Θέματα: | |
| Ετικέτες: |
Προσθήκη ετικέτας
Δεν υπάρχουν, Καταχωρήστε ετικέτα πρώτοι!
|
MARC
| LEADER | 00000cam a2200000 i 4500 | ||
|---|---|---|---|
| 001 | 1/4847 | ||
| 008 | 100224s2005 eng d | ||
| 020 | |a 978-0-8147-3585-5 (pbk.) | ||
| 020 | |a 0-8147-3585-1 (pbk.) | ||
| 035 | |l 10106950 | ||
| 040 | |a GR-MY-UA |b gre |e aacr | ||
| 041 | 0 | |a eng | |
| 082 | 0 | |a 306.768 |2 (22) | |
| 100 | 1 | |a Halberstam, Jack, |d 1961- | |
| 245 | 1 | 0 | |a In a queer time and place : |b transgender bodies, subcultural lives / |c Judith Halberstam |
| 260 | |a New York : |b New York University Press, |c c2005 | ||
| 300 | |a viii, 213 σ.; |b εικ. (μερ. έγχρ.); |c 23 εκ. | ||
| 490 | 1 | |a Sexual cultures | |
| 504 | |a Βιβλιογραφία: σ. 193-201 | ||
| 504 | |a Ευρετήριο: σ. 203-212 | ||
| 600 | 1 | 0 | |a Teena, Brandon, |d 1972-1993. |
| 650 | 0 | 0 | |a Transgenderism. |
| 650 | 0 | 0 | |a Gender identity. |
| 650 | 0 | 0 | |a Sex role. |
| 650 | 0 | 0 | |a Transgender people in motion pictures. |
| 650 | 0 | 0 | |a Transgender people in literature. |
| 650 | 0 | 0 | |a Marginality, Social. |
| 830 | 0 | |a Sexual cultures | |
| 852 | |a INST |b LESVOS |e 20100224 |h 306.768 HAL |p 005100046095 |q 005100046095 |t BK |y 0 | ||
| 901 | |a BIBL1-2010-1 | ||
| 909 | |a Λ |b 162884 | ||
| 970 | |a ΓΙΑΛΑΜΑ |b ΜΑΡΙΑ |z 2010/02/24 | ||